|
|
|
|
| LEADER |
00000nab a2200000 a 4500 |
| 001 |
vtls000630289 |
| 003 |
SK-MaSNL |
| 005 |
20260302200641.0 |
| 008 |
160401c1997 xo 0 slo |
| 015 |
|
|
|a SNBRB19rr/mm-uuuuu
|
| 035 |
|
|
|a CL0630428
|
| 040 |
|
|
|a SNKBUCL
|b slo
|c SNKBUCL
|e AACR2
|
| 041 |
0 |
|
|a slo
|
| 044 |
|
|
|a xo
|c SK
|
| 080 |
|
|
|a 711.437(437.6):72
|2 1981
|
| 080 |
|
|
|a 72
|2 1981
|
| 080 |
|
|
|a 908.437.642
|2 1981
|
| 100 |
1 |
|
|a Šarafín, Michal,
|d 1943-
|4 aut
|9 218898
|
| 245 |
1 |
0 |
|a Naše Slovensko
|b Muránska Dlhá Lúka - s túžbou krajšej obce
|c Michal Šarafín
|
| 651 |
|
7 |
|a 5301
|2 snkbucl
|9 893756
|
| 651 |
|
7 |
|a Muránska Dlhá Lúka (Slovensko)
|2 snkbucl
|9 58470
|
| 655 |
|
7 |
|a články z novín a časopisov
|2 snkbucl
|9 267496
|
| 773 |
0 |
|
|t Národná osveta
|g Roč. 7, č. 7 (1997), s. 7
|
| 850 |
|
|
|a Slovenská národná knižnica v Martine
|a MTA001
|
| 852 |
|
|
|a SNK
|b KIS3GCP
|
| 958 |
|
|
|a SK
|
| 958 |
|
|
|a RK
|
| 958 |
|
|
|a RBX
|
| 999 |
|
|
|c 1457739
|d 1459669
|